Better out than in? (Record no. 74021)
[ view plain ]
| 000 -LEADER | |
|---|---|
| fixed length control field | 01777cab a2200265 4500 |
| 001 - CONTROL NUMBER | |
| control field | ABS67377 |
| 008 - FIXED-LENGTH DATA ELEMENTS--GENERAL INFORMATION | |
| fixed length control field | 040106n2003 000 0 eng u |
| 035 ## - SYSTEM CONTROL NUMBER | |
| System control number | (Sirsi) u124721 |
| 100 ## - MAIN ENTRY--PERSONAL NAME | |
| Personal name | Vara, B. |
| 245 ## - TITLE STATEMENT | |
| Title | Better out than in? |
| 260 ## - PUBLICATION, DISTRIBUTION, ETC. | |
| Date of publication, distribution, etc. | 2003 |
| 490 ## - SERIES STATEMENT | |
| Series statement | Estates Gazette |
| Volume/sequential designation | (0348) 29 November 2003, 120-121(2) |
| 520 ## - SUMMARY, ETC. | |
| Summary, etc. | Discusses the practice of outsourcing; the offloading of non-core areas of a company's business onto an independent provider. Although the concept begins with the use of IT services, recently there has been an increase in property outsourcing. Warns that although there are many potential advantages in outsourcing there can also be problems if all the issues are not considered in advance such as possible future scenarios which may lead to a dispute. Mentions a recent HC case "Cable and Wireless PLC v IBM UK Ltd" ([2002] EWHC 2059 (Comm), [2002] 2 ALL ER 1041 (Comm)) which covered IT outsourcing. Its principles could also be applied to property outsourcing such as the issues surrounding the involvement of alternative dispute resolution. The obvious possible areas of friction in the property industry include pricing and benchmarking and ensuring that outsourcers provide and companies recognise added value services. Concludes by reinforcing the message that a failure to document the outsourcing agreements in detail can lead to disputes in the future. |
| 590 ## - LOCAL NOTE (RLIN) | |
| Local note | ABS |
| 650 ## - SUBJECT ADDED ENTRY--TOPICAL TERM | |
| Topical term or geographic name entry element | OUTSOURCING |
| 650 ## - SUBJECT ADDED ENTRY--TOPICAL TERM | |
| Topical term or geographic name entry element | MANAGEMENT PLANNING |
| 650 ## - SUBJECT ADDED ENTRY--TOPICAL TERM | |
| Topical term or geographic name entry element | CABLE AND WIRELESS PLC v IBM (UK) LTD |
| 650 ## - SUBJECT ADDED ENTRY--TOPICAL TERM | |
| Topical term or geographic name entry element | ALTERNATIVE DISPUTE RESOLUTION |
| 650 ## - SUBJECT ADDED ENTRY--TOPICAL TERM | |
| Topical term or geographic name entry element | LEASE-BACK |
| 650 ## - SUBJECT ADDED ENTRY--TOPICAL TERM | |
| Topical term or geographic name entry element | PORTFOLIO MANAGEMENT |
| 650 ## - SUBJECT ADDED ENTRY--TOPICAL TERM | |
| Topical term or geographic name entry element | PROPERTY ASSETS |
| 690 ## - LOCAL SUBJECT ADDED ENTRY--TOPICAL TERM (OCLC, RLIN) | |
| Topical term or geographic name as entry element | PROPERTY MANAGEMENT-CORPORATE REAL ESTATE |
| 700 ## - ADDED ENTRY--PERSONAL NAME | |
| Personal name | Hibberts, J. |
| 942 ## - ADDED ENTRY ELEMENTS (KOHA) | |
| Suppress in OPAC | 0 |
| Withdrawn status | Lost status | Source of classification or shelving scheme | Damaged status | Not for loan | Home library | Current library | Shelving location | Date acquired | Total Checkouts | Full call number | Barcode | Date last seen | Copy number | Price effective from | Koha item type |
|---|---|---|---|---|---|---|---|---|---|---|---|---|---|---|---|
| Dewey Decimal Classification | London | London | Journal article | 06/01/2004 | ABS67377 | 124721-1001 | 06/08/2019 | 1 | 06/08/2019 | Journal article |